[Event "EOBCC 2020"]
[Site "Online"]
[Date "2020.12.18"]
[Round "9.103"]
[White "Voit, Daria"]
[Black "Han, Yichen"]
[Result "1/2-1/2"]
[WhiteElo "2353"]
[BlackElo "2307"]
[Annotator "NA"]
[PlyCount "103"]
[EventDate "2020.12.18"]
[EventType "tourn"]
[EventCountry "NET"]
[SourceTitle "playchess.com"]
[Source "ChessBase"]
[SourceQuality "1"]

1. d4 d5 2. Nf3 Nf6 3. g3 Bg4 4. Bg2 c6 5. O-O e6 6. Ne5 Bf5 7. c4 Be7 8. Nc3 O-O 9. Qb3 Qc8 10. f3 h6 11. e4 dxe4 12. fxe4 Bh7 13. h3 Nbd7 14. Nxd7 Qxd7 15. Be3 Rfd8 16. Rad1 Bg6 17. e5 Nh7 18. Ne4 Ng5 19. Nc3 Qc7 20. h4 Nh7 21. Bf3 Nf8 22. Kg2 a6 23. c5 Rab8 24. Na4 Nd7 25. Rc1 Qa5 26. h5 Bh7 27. Rf2 Qb5 28. Qd1 Qd3 29. Qxd3 Bxd3 30. b4 Ra8 31. Rd2 Bh7 32. Nc3 f6 33. exf6 Nxf6 34. a4 Nd5 35. Nxd5 exd5 36. Bf4 Bf6 37. Bg4 Re8 38. Rf1 Re4 39. Rfd1 Rae8 40. Bf3 R4e6 41. Bg4 Re4 42. Bf3 R4e6 43. b5 axb5 44. axb5 Ra8 45. Rb2 Be4 46. bxc6 bxc6 47. Bxe4 Rxe4 48. Rb6 Rc8 49. Rb4 Ra8 50. Rb6 Rc8 51. Rb4 Ra8 52. Rb6 1/2-1/2

[Event "EOBCC 2020"]
[Site "Online"]
[Date "2020.12.18"]
[Round "9.104"]
[White "Koksal, Ege"]
[Black "Myshakov, Fyodor"]
[Result "0-1"]
[WhiteElo "2353"]
[BlackElo "2292"]
[Annotator "NA"]
[PlyCount "76"]
[EventDate "2020.12.18"]
[EventType "tourn"]
[EventCountry "NET"]
[SourceTitle "playchess.com"]
[Source "ChessBase"]
[SourceQuality "1"]

1. d4 d5 2. c4 dxc4 3. Nc3 c6 4. e4 b5 5. a4 b4 6. Na2 a5 7. Bxc4 e6 8. Nf3 Nf6 9. Qc2 Ba6 10. Bg5 Bxc4 11. Qxc4 Be7 12. Bxf6 Bxf6 13. O-O O-O 14. Nc1 Qb6 15. Nb3 Nd7 16. Rac1 Rac8 17. Nc5 Rfd8 18. Rfd1 h6 19. h3 Kh8 20. b3 Kg8 21. Rd3 Kh8 22. Rcd1 Kg8 23. Nxd7 Rxd7 24. d5 exd5 25. exd5 Rd6 26. Nd2 Qb8 27. dxc6 Rcxc6 28. Qe4 Rxd3 29. Qxd3 Rd6 30. Qc2 Qd8 31. Kf1 Bc3 32. Ke2 Qe7+ 33. Kf1 Qd7 34. Ke2 Qe6+ 35. Kf1 Qd5 36. Ke2 Qxg2 37. Nc4 Re6+ 38. Kd3 Qd5# 0-1

[Event "EOBCC 2020"]
[Site "Online"]
[Date "2020.12.18"]
[Round "9.106"]
[White "Brozyna, Mateusz"]
[Black "Krayz, Alexander"]
[Result "0-1"]
[WhiteElo "2312"]
[BlackElo "2346"]
[Annotator "NA"]
[PlyCount "64"]
[EventDate "2020.12.18"]
[EventType "tourn"]
[EventCountry "NET"]
[SourceTitle "playchess.com"]
[Source "ChessBase"]
[SourceQuality "1"]

1. Nf3 Nf6 2. d4 e6 3. g3 b5 4. Bg2 Bb7 5. O-O Be7 6. a4 a6 7. Bg5 O-O 8. Qd2 d6 9. Rd1 Nbd7 10. Nc3 b4 11. Na2 a5 12. c3 c5 13. dxc5 dxc5 14. Qe1 Qc7 15. b3 Rfd8 16. cxb4 axb4 17. Rac1 Qb6 18. e4 h6 19. Bxf6 Nxf6 20. Nd2 Ba6 21. Nc4 Bxc4 22. Rxc4 Rxd1 23. Qxd1 Rd8 24. Qe2 Nd7 25. f4 Qa7 26. Kh1 Nb6 27. Rc1 c4 28. bxc4 Nxa4 29. e5 b3 30. Ra1 Qd4 31. Rb1 bxa2 32. Qxa2 Nc3 0-1

[Event "EOBCC 2020"]
[Site "Online"]
[Date "2020.12.18"]
[Round "9.107"]
[White "Mostbauer, Florian"]
[Black "Grafl, Florian"]
[Result "0-1"]
[WhiteElo "2304"]
[BlackElo "2343"]
[Annotator "NA"]
[PlyCount "60"]
[EventDate "2020.12.18"]
[EventType "tourn"]
[EventCountry "NET"]
[SourceTitle "playchess.com"]
[Source "ChessBase"]
[SourceQuality "1"]

1. d4 Nc6 2. Nf3 d5 3. Bf4 Bg4 4. e3 Nf6 5. Nbd2 e6 6. h3 Bh5 7. Bb5 Bd6 8. g4 Bxf4 9. exf4 Bg6 10. Ne5 Qd6 11. c3 Nd7 12. Nxd7 Qxd7 13. Nf3 f6 14. Qe2 a6 15. Bxc6 Qxc6 16. f5 Bf7 17. fxe6 Bxe6 18. O-O O-O-O 19. Rfe1 Rde8 20. Qd2 h5 21. Qf4 hxg4 22. hxg4 Qd7 23. g5 Ref8 24. Kg2 Bh3+ 25. Kg3 Bf1 26. Qg4 Rh3+ 27. Qxh3 Qxh3+ 28. Kf4 fxg5+ 29. Ke3 Qxf3+ 30. Kd2 Qxf2+ 0-1

[Event "EOBCC 2020"]
[Site "Online"]
[Date "2020.12.18"]
[Round "9.108"]
[White "Gurvich, Vitaly"]
[Black "Teterev, Vitaly"]
[Result "1-0"]
[WhiteElo "2230"]
[BlackElo "2460"]
[Annotator "ChessBase"]
[PlyCount "107"]
[EventDate "2020.12.18"]
[EventType "tourn"]
[EventCountry "NET"]
[SourceTitle "playchess.com"]
[Source "ChessBase"]
[SourceQuality "1"]

1. e4 c5 2. Nf3 e6 3. g3 b6 4. Bg2 Bb7 5. Qe2 d6 6. O-O Nf6 7. Nc3 Be7 8. d4 cxd4 9. Nxd4 Qc8 10. Rd1 a6 11. a4 O-O 12. g4 Nfd7 13. h3 Nc6 14. Nxc6 Bxc6 15. Be3 Re8 16. Rac1 Qb7 17. b4 b5 18. axb5 axb5 19. Ra1 Rxa1 20. Rxa1 Bf6 21. Ra3 Ne5 22. g5 Be7 23. Ra7 Qb8 24. f4 Nc4 25. Bf2 e5 26. Nd5 Bxd5 27. exd5 Bd8 28. Ra6 Qc8 29. Rc6 Qf5 30. Qe4 Qd7 31. h4 f5 32. Bh3 g6 33. Qd3 exf4 34. Ra6 Ne5 35. Qc3 Qb7 36. Ra7 Qxd5 37. Bg2 f3 38. Bf1 Qe4 39. Qc8 Nf7 40. Qd7 Qe7 41. Qxb5 Qe4 42. Qd7 Rf8 43. b5 Qg4+ 44. Kh1 Qe4 45. b6 Bxb6 46. Bxb6 Qxh4+ 47. Kg1 Qxg5+ 48. Kh1 Qh6+ 49. Kg1 Qg5+ 50. Kf2 Qh4+ 51. Ke3 Qb4 52. Bd4 Qe1+ 53. Kf4 Qxf1 54. Qe6 1-0

[Event "EOBCC 2020"]
[Site "Online"]
[Date "2020.12.18"]
[Round "9.109"]
[White "Tarasova, Viktoriya"]
[Black "Psyk, Radoslaw"]
[Result "0-1"]
[WhiteElo "2226"]
[BlackElo "2375"]
[Annotator "ChessBase"]
[PlyCount "130"]
[EventDate "2020.12.18"]
[EventType "tourn"]
[EventCountry "NET"]
[SourceTitle "playchess.com"]
[Source "ChessBase"]
[SourceQuality "1"]

1. d4 Nf6 2. c4 e6 3. Nc3 d5 4. cxd5 exd5 5. Bg5 c6 6. Qc2 Nbd7 7. e3 Be7 8. Bd3 Nh5 9. Bxe7 Qxe7 10. Nge2 g6 11. h3 Ng7 12. g4 Nb6 13. O-O-O Bd7 14. Ng3 O-O-O 15. Rde1 Kb8 16. f4 Qd6 17. Qf2 f5 18. gxf5 Nxf5 19. Nxf5 Bxf5 20. Bxf5 gxf5 21. Rhg1 Rhg8 22. Rxg8 Rxg8 23. Rg1 Qe6 24. Rxg8+ Qxg8 25. Ne2 Nc4 26. b3 Nd6 27. Qg3 Qf8 28. Kb2 Ne4 29. Qg1 Qb4 30. Qc1 Nf2 31. Qc2 Qe1 32. Nc3 Qxe3 33. Qxf5 Qd2+ 34. Qc2 Qxc2+ 35. Kxc2 Nxh3 36. f5 Kc7 37. Kd2 Kd6 38. Ke3 Ke7 39. Kf3 Kf6 40. Kg4 Nf2+ 41. Kf4 Nd3+ 42. Ke3 Nb4 43. Kf4 h5 44. a4 Nd3+ 45. Ke3 Nc1 46. b4 Kxf5 47. b5 h4 48. bxc6 bxc6 49. Kf3 Nb3 50. Ne2 Nd2+ 51. Ke3 Nc4+ 52. Kf3 a5 53. Kf2 Nb2 54. Kf3 Nxa4 55. Nc1 Nc3 56. Nb3 a4 57. Na1 a3 58. Nc2 Nb5 59. Na1 Nxd4+ 60. Ke3 c5 61. Kf2 Ke4 62. Kg2 Kd3 63. Kh3 Kc3 64. Kg2 Kb2 65. Kf2 Kxa1 0-1

[Event "EOBCC 2020"]
[Site "Online"]
[Date "2020.12.18"]
[Round "9.110"]
[White "Czernek, Tymon"]
[Black "Rudzinska, Michalina"]
[Result "0-1"]
[WhiteElo "2359"]
[BlackElo "2189"]
[Annotator "NA"]
[PlyCount "72"]
[EventDate "2020.12.18"]
[EventType "tourn"]
[EventCountry "NET"]
[SourceTitle "playchess.com"]
[Source "ChessBase"]
[SourceQuality "1"]

1. e4 c5 2. Nf3 e6 3. d4 cxd4 4. Nxd4 a6 5. Bd3 Qc7 6. O-O Nf6 7. Re1 d6 8. c4 Be7 9. Nc3 O-O 10. Be3 Nbd7 11. Rc1 b6 12. b3 Bb7 13. Bb1 Rac8 14. f3 Rfe8 15. Nce2 Qb8 16. Ng3 Bd8 17. Nde2 Bc7 18. Bd4 d5 19. exd5 exd5 20. cxd5 Nxd5 21. Qd3 N7f6 22. Nh5 Bxh2+ 23. Kh1 Rxc1 24. Rxc1 Be5 25. Nxf6+ Nxf6 26. Bxb6 Bxf3 27. Qxf3 Qxb6 28. Rc6 Qb4 29. Qd3 Qh4+ 30. Qh3 Qe1+ 31. Ng1 Qxb1 32. Qe3 Ng4 33. Qe2 h5 34. Rxa6 Rd8 35. Qf3 Rd1 36. Ra8+ Kh7 0-1

[Event "EOBCC 2020"]
[Site "Online"]
[Date "2020.12.18"]
[Round "9.111"]
[White "Okhotnik, Vladimir"]
[Black "Muller, Anthony"]
[Result "0-1"]
[WhiteElo "2350"]
[BlackElo "2269"]
[Annotator "ChessBase"]
[PlyCount "128"]
[EventDate "2020.12.18"]
[EventType "tourn"]
[EventCountry "NET"]
[SourceTitle "playchess.com"]
[Source "ChessBase"]
[SourceQuality "1"]

1. e4 e6 2. d4 d5 3. exd5 exd5 4. c4 Nf6 5. Nc3 Be7 6. cxd5 Nxd5 7. Bd3 Nc6 8. Nf3 Bg4 9. O-O O-O 10. h3 Nxc3 11. bxc3 Bh5 12. Rb1 Rb8 13. Re1 Bf6 14. Bf4 b6 15. Be4 Na5 16. Qd3 Bg6 17. Bxg6 hxg6 18. Ne5 Re8 19. Rbd1 Bxe5 20. Rxe5 Qd7 21. Rde1 Rxe5 22. Bxe5 Re8 23. Re3 c6 24. Rg3 Qd5 25. h4 Nc4 26. Bf4 Re4 27. Rf3 c5 28. Bg3 cxd4 29. Rf4 Rxf4 30. Bxf4 Na5 31. cxd4 Nc6 32. Be3 Qxa2 33. d5 Nb4 34. Qe4 Nxd5 35. Qe8+ Kh7 36. Qxf7 Qa1+ 37. Kh2 Qe5+ 38. g3 Nxe3 39. fxe3 Qxe3 40. Qxa7 Qe2+ 41. Kg1 b5 42. Qc5 Qc4 43. Qg5 Qd4+ 44. Kg2 b4 45. h5 Qe4+ 46. Kh2 Qe2+ 47. Kg1 Qxh5 48. Qe7 b3 49. Qb4 Qf3 50. Qh4+ Kg8 51. Qd8+ Kf7 52. Qd7+ Kf6 53. Qd8+ Kf5 54. Qd7+ Kg5 55. Qe7+ Kg4 56. Qh4+ Kf5 57. Qh3+ Qg4 58. Qf1+ Ke4 59. Qc4+ Kf5 60. Qxb3 Qe2 61. Qd5+ Kg4 62. Qd6 g5 63. Qd4+ Kh3 64. Qd5 Qe1# 0-1

[Event "EOBCC 2020"]
[Site "Online"]
[Date "2020.12.18"]
[Round "9.113"]
[White "Dordzhieva, Dinara"]
[Black "Starosta, Martyna"]
[Result "1-0"]
[WhiteElo "2352"]
[BlackElo "2094"]
[Annotator "NA"]
[PlyCount "89"]
[EventDate "2020.12.18"]
[EventType "tourn"]
[EventCountry "NET"]
[SourceTitle "playchess.com"]
[Source "ChessBase"]
[SourceQuality "1"]

1. d4 Nf6 2. c4 g6 3. Nf3 Bg7 4. Nc3 O-O 5. e4 d6 6. Be2 e5 7. O-O Nc6 8. d5 Ne7 9. Bg5 Nd7 10. Nd2 h6 11. Bh4 f5 12. f3 f4 13. Bf2 g5 14. b4 a5 15. a3 b6 16. Nb3 axb4 17. axb4 Rxa1 18. Qxa1 Nf6 19. c5 h5 20. Nb5 g4 21. cxd6 cxd6 22. Qa7 Rf7 23. Qxb6 Qxb6 24. Bxb6 Ne8 25. Rc1 g3 26. Nc7 Nxc7 27. Bxc7 Rf6 28. Bd8 Kf7 29. Bxe7 Kxe7 30. Rxc8 Kd7 31. Rc2 Rf8 32. b5 Ra8 33. b6 Ra3 34. Bb5+ Kd8 35. Nc1 Re3 36. b7 Re1+ 37. Bf1 Rxf1+ 38. Kxf1 gxh2 39. b8=Q+ Ke7 40. Rc7+ Kf6 41. Qd8+ Kg6 42. Qe8+ Kh6 43. Qe6+ Kh7 44. Qf5+ Kh6 45. Qh3 1-0

[Event "EOBCC 2020"]
[Site "Online"]
[Date "2020.12.18"]
[Round "9.114"]
[White "Zabrzanska, Weronika"]
[Black "Burkart, Patrick"]
[Result "0-1"]
[WhiteElo "1849"]
[BlackElo "2322"]
[Annotator "ChessBase"]
[PlyCount "158"]
[EventDate "2020.12.18"]
[EventType "tourn"]
[EventCountry "NET"]
[SourceTitle "playchess.com"]
[Source "ChessBase"]
[SourceQuality "1"]

1. e4 c5 2. Nc3 e6 3. g3 d5 4. exd5 exd5 5. Bg2 Nf6 6. d4 cxd4 7. Qxd4 Nc6 8. Qd1 Bb4 9. Bd2 O-O 10. Nge2 d4 11. Nb5 Bc5 12. Bf4 Nd5 13. O-O Nxf4 14. Nxf4 a6 15. Na3 Bxa3 16. bxa3 Qd6 17. Qd3 Be6 18. Rab1 b5 19. Nxe6 fxe6 20. c3 Rac8 21. Bxc6 Rxc6 22. Qxd4 Qxa3 23. Qd7 Qd6 24. Qxd6 Rxd6 25. Rb4 Rc8 26. a4 bxa4 27. Rxa4 Rxc3 28. Rfa1 Rcc6 29. Rb1 Kf7 30. Kg2 Kf6 31. Rb3 g5 32. Ra5 h6 33. Rf3+ Kg6 34. Rf8 Rd5 35. Ra4 a5 36. Ra8 Rcc5 37. Ra6 Kf6 38. Re4 Re5 39. Ra4 h5 40. h3 Red5 41. g4 h4 42. Kf3 Rd3+ 43. Kg2 Rdd5 44. Ra8 Rb5 45. Ra3 Ke5 46. Re3+ Kd6 47. Rc3 Rdc5 48. Rd3+ Rd5 49. Rc3 Rbc5 50. Ra3 Kc6 51. Ra6+ Kd7 52. Re3 Rd6 53. Ra7+ Kc6 54. Ra3 Rdd5 55. Ra6+ Kd7 56. Ra7+ Kd6 57. Ra6+ Ke7 58. Ra7+ Kf6 59. Ra6 Rb5 60. Rf3+ Ke7 61. Re3 Re5 62. Rc3 Kd7 63. Ra7+ Kd6 64. Ra6+ Ke7 65. Rc7+ Kf6 66. Rc3 Rec5 67. Ra3 Kf7 68. Ra7+ Kg6 69. Ra6 Kf6 70. Rf3+ Ke7 71. Rd3 Rd5 72. Re3 Rd6 73. Ra3 Rxa6 74. Ra4 Rb4 75. Ra3 a4 76. Ra2 Rb3 77. Ra1 a3 78. Ra2 Rb2 79. Ra1 a2 0-1

[Event "EOBCC 2020"]
[Site "Online"]
[Date "2020.12.18"]
[Round "9.115"]
[White "Ivlev, Aleksey"]
[Black "Goraj, Barbara"]
[Result "1-0"]
[WhiteElo "2315"]
[BlackElo "2078"]
[Annotator "NA"]
[PlyCount "109"]
[EventDate "2020.12.18"]
[EventType "tourn"]
[EventCountry "NET"]
[SourceTitle "playchess.com"]
[Source "ChessBase"]
[SourceQuality "1"]

1. d4 Nf6 2. c4 g6 3. Nc3 Bg7 4. e4 d6 5. Be2 O-O 6. Bg5 c5 7. d5 e6 8. dxe6 Bxe6 9. Qd2 Qe7 10. h3 Nc6 11. Nf3 Rad8 12. O-O Rfe8 13. Rfe1 Qf8 14. Bf1 h6 15. Bf4 Kh7 16. Rad1 Ne5 17. Bxe5 dxe5 18. Nd5 Bxd5 19. cxd5 Nh5 20. Qa5 f5 21. Qxa7 fxe4 22. Rxe4 Nf4 23. Re3 Rxd5 24. Rxd5 Nxd5 25. Rb3 b6 26. Bc4 Nf4 27. Qxb6 e4 28. Nh4 Bd4 29. Qa7+ Re7 30. Rb7 Nxh3+ 31. Kh2 Be5+ 32. Kxh3 Qc8+ 33. g4 Qxb7 34. Qxc5 Qc7 35. Qd5 Rg7 36. Qxe4 Qd6 37. b4 Bf4 38. a4 Bg5 39. Nf3 Qd1 40. Kg2 Qxa4 41. Bd3 Qd7 42. b5 Qe7 43. Qd5 Qd7 44. Qxd7 Rxd7 45. Be4 Rd8 46. b6 Bf4 47. b7 Kg7 48. Nh4 h5 49. Nxg6 hxg4 50. Nxf4 Kf6 51. Nd5+ Ke5 52. Nb6 Kd6 53. Kg3 Kc7 54. Na4 Rd4 55. Nc5 1-0

[Event "EOBCC 2020"]
[Site "Online"]
[Date "2020.12.18"]
[Round "9.116"]
[White "Sowinski, Pawel"]
[Black "Ongut, Tamas Gunes"]
[Result "0-1"]
[WhiteElo "1767"]
[BlackElo "2332"]
[Annotator "NA"]
[PlyCount "78"]
[EventDate "2020.12.18"]
[EventType "tourn"]
[EventCountry "NET"]
[SourceTitle "playchess.com"]
[Source "ChessBase"]
[SourceQuality "1"]

1. c4 g6 2. Nc3 Bg7 3. g3 e5 4. Bg2 f5 5. e4 d6 6. Nge2 Nf6 7. d3 Nc6 8. O-O h6 9. f4 O-O 10. Nd5 Nxd5 11. cxd5 Ne7 12. d4 fxe4 13. dxe5 dxe5 14. Bxe4 Bf5 15. Bg2 e4 16. h3 h5 17. Nc3 Bxc3 18. bxc3 Qxd5 19. Qe2 Qd3 20. Qf2 Nd5 21. Rd1 Qxd1+ 22. Kh2 Qd3 23. Ba3 Rfe8 24. g4 hxg4 25. hxg4 Bxg4 26. Qh4 Bh5 27. f5 Qe3 28. Kh1 Qf4 29. Qh3 Qxf5 30. Qh2 Ne3 31. Bh3 Bf3+ 32. Bg2 Bxg2+ 33. Kg1 Qh3 34. Qxc7 Qh1+ 35. Kf2 Qxa1 36. Qd6 Rf8+ 37. Kg3 Rf3+ 38. Kh4 Qh1+ 39. Kg5 Qh5# 0-1

[Event "EOBCC 2020"]
[Site "Online"]
[Date "2020.12.18"]
[Round "9.117"]
[White "Myrmus, Mateusz"]
[Black "Malicka, Maria"]
[Result "0-1"]
[WhiteElo "1683"]
[BlackElo "2291"]
[Annotator "NA"]
[PlyCount "52"]
[EventDate "2020.12.18"]
[EventType "tourn"]
[EventCountry "NET"]
[SourceTitle "playchess.com"]
[Source "ChessBase"]
[SourceQuality "1"]

1. e4 c5 2. c3 d5 3. exd5 Qxd5 4. d4 Nf6 5. Nf3 Bg4 6. Nbd2 cxd4 7. Bc4 Qa5 8. cxd4 e6 9. O-O Be7 10. h3 Bh5 11. Nb3 Qc7 12. Be2 O-O 13. Be3 Nc6 14. Rc1 Rac8 15. Ne5 Bxe2 16. Qxe2 Qb8 17. Bf4 Nd5 18. Nxc6 Qxf4 19. Nxe7+ Nxe7 20. Qe3 Nd5 21. Qxf4 Nxf4 22. Rxc8 Rxc8 23. Rd1 Rc2 24. g3 Nxh3+ 25. Kg2 Nxf2 26. Re1 Nd3+ 0-1

[Event "EOBCC 2020"]
[Site "Online"]
[Date "2020.12.18"]
[Round "9.118"]
[White "Fiedorek, Michal"]
[Black "Mazi, Leon"]
[Result "0-1"]
[WhiteElo "2176"]
[BlackElo "2340"]
[Annotator "ChessBase"]
[PlyCount "140"]
[EventDate "2020.12.18"]
[EventType "tourn"]
[EventCountry "NET"]
[SourceTitle "playchess.com"]
[Source "ChessBase"]
[SourceQuality "1"]

1. e4 Nf6 2. e5 Nd5 3. d4 d6 4. c4 Nb6 5. exd6 exd6 6. Nf3 Be7 7. Bd3 O-O 8. O-O Bf6 9. Be3 Re8 10. h3 Nc6 11. Nc3 d5 12. c5 Nc4 13. Bc1 b6 14. b3 N4a5 15. cxb6 axb6 16. Qc2 g6 17. a3 Nxd4 18. Nxd4 Bxd4 19. Rd1 c5 20. Bb2 Be6 21. b4 Nb7 22. Bb5 Re7 23. bxc5 bxc5 24. a4 Nd6 25. Bc6 Rb8 26. Nb5 Bxb2 27. Qxb2 d4 28. Qc2 Nxb5 29. Bxb5 Qd5 30. Rac1 Rc7 31. Qd2 Qe5 32. Qa5 Qd6 33. Rxd4 cxd4 34. Qxc7 Qxc7 35. Rxc7 Ra8 36. Kf1 Bb3 37. Rd7 Bxa4 38. Bxa4 Rxa4 39. Ke2 Kg7 40. g3 Kf6 41. Kd3 Ra2 42. Rxd4 Rxf2 43. Ke3 Rf5 44. h4 h5 45. Ra4 Kg7 46. Ra7 Kh6 47. Ke4 Rf1 48. Ke3 g5 49. hxg5+ Kxg5 50. Ra4 f6 51. Ke2 Rf5 52. Ke3 Kg6 53. Ke2 Kh6 54. Ke3 Rb5 55. Kf3 Kg5 56. Kf2 Re5 57. Kf3 f5 58. Kf2 Re4 59. Ra5 Rb4 60. Kf3 Rb3+ 61. Kf2 Rb4 62. Kf3 Rc4 63. Rb5 h4 64. gxh4+ Rxh4 65. Kg3 Ra4 66. Kf3 Ra3+ 67. Kf2 Kg4 68. Rb4+ f4 69. Rb8 Ra2+ 70. Kf1 Kg3 0-1

[Event "EOBCC 2020"]
[Site "Online"]
[Date "2020.12.18"]
[Round "9.119"]
[White "Vitenberg, Noam Aviv"]
[Black "Chyzy, Jakub"]
[Result "0-1"]
[WhiteElo "2320"]
[BlackElo "2250"]
[Annotator "NA"]
[PlyCount "66"]
[EventDate "2020.12.18"]
[EventType "tourn"]
[EventCountry "NET"]
[SourceTitle "playchess.com"]
[Source "ChessBase"]
[SourceQuality "1"]

1. e4 Nf6 2. e5 Nd5 3. d4 d6 4. c4 Nb6 5. f4 dxe5 6. fxe5 Nc6 7. Be3 Bf5 8. Nc3 e6 9. Nf3 Qd7 10. Qd2 O-O-O 11. O-O-O Nb4 12. Nh4 Bg4 13. Be2 Bxe2 14. Qxe2 Na4 15. Kb1 Nxc3+ 16. bxc3 Nc6 17. Rhf1 Na5 18. Ka1 Qa4 19. c5 Be7 20. Nf3 b6 21. Qa6+ Kb8 22. Qe2 Ka8 23. Rb1 bxc5 24. dxc5 Rb8 25. Nd4 Bxc5 26. Qf3+ c6 27. Nxe6 fxe6 28. Bxc5 Nb3+ 29. Rxb3 Rxb3 30. Bb4 Rb8 31. Qf7 R3xb4 32. cxb4 Qxb4 33. Qf2 Qc3+ 0-1

[Event "EOBCC 2020"]
[Site "Online"]
[Date "2020.12.18"]
[Round "9.120"]
[White "Hertlein, Irena"]
[Black "Mamedjarova, Turkan"]
[Result "0-1"]
[WhiteElo "1893"]
[BlackElo "2309"]
[Annotator "NA"]
[PlyCount "56"]
[EventDate "2020.12.18"]
[EventType "tourn"]
[EventCountry "NET"]
[SourceTitle "playchess.com"]
[Source "ChessBase"]
[SourceQuality "1"]

1. d4 d5 2. Bf4 Nf6 3. e3 e6 4. Nd2 Bd6 5. Bg3 O-O 6. Ngf3 c5 7. c3 Nc6 8. Bd3 b6 9. Ne5 Qc7 10. f4 Bb7 11. Bh4 Ne4 12. Nxe4 dxe4 13. Bxe4 Nxe5 14. Bxh7+ Kxh7 15. fxe5 Be7 16. Qh5+ Kg8 17. Qg4 Bxh4+ 18. Qxh4 f6 19. exf6 Rxf6 20. O-O-O Raf8 21. Qg4 Bd5 22. Kb1 Qc6 23. dxc5 bxc5 24. Rde1 Qa6 25. b3 Qd3+ 26. Kb2 Rf2+ 27. Ka1 Qc2 28. e4 Qxa2# 0-1

[Event "EOBCC 2020"]
[Site "Online"]
[Date "2020.12.18"]
[Round "9.121"]
[White "Radeva, Viktoria"]
[Black "Wikar, Martyna"]
[Result "1-0"]
[WhiteElo "2274"]
[BlackElo "2171"]
[Annotator "NA"]
[PlyCount "83"]
[EventDate "2020.12.18"]
[EventType "tourn"]
[EventCountry "NET"]
[SourceTitle "playchess.com"]
[Source "ChessBase"]
[SourceQuality "1"]

1. e4 c5 2. Nf3 Nc6 3. d4 cxd4 4. Nxd4 e5 5. Nb5 d6 6. c4 Be7 7. Be2 Nf6 8. N5c3 O-O 9. O-O Be6 10. Bg5 Rc8 11. b3 b6 12. Bxf6 Bxf6 13. Qd3 Nb4 14. Qd2 Bg5 15. Qb2 Nc6 16. Nd2 Nd4 17. Nf3 Bf6 18. Rfd1 Qe7 19. Rac1 Rfd8 20. Nd5 Bxd5 21. cxd5 Rxc1 22. Rxc1 Bg5 23. Rc4 Nxf3+ 24. Bxf3 Qb7 25. Bg4 g6 26. Qc2 Qa6 27. g3 Kg7 28. Rc7 Qa5 29. Kg2 h5 30. Be6 Rf8 31. h4 Bd8 32. Rd7 Kg8 33. Bxf7+ Rxf7 34. Rxd8+ Rf8 35. Rxf8+ Kxf8 36. Qc8+ Kg7 37. Qd7+ Kh6 38. Qxd6 Qxa2 39. Qf8+ Kh7 40. d6 Qd2 41. Qe7+ Kh6 42. Qg5+ 1-0

[Event "EOBCC 2020"]
[Site "Online"]
[Date "2020.12.18"]
[Round "9.122"]
[White "Dylag, Emilia"]
[Black "Aizenberg, Benny"]
[Result "0-1"]
[WhiteElo "2082"]
[BlackElo "2279"]
[Annotator "NA"]
[PlyCount "108"]
[EventDate "2020.12.18"]
[EventType "tourn"]
[EventCountry "NET"]
[SourceTitle "playchess.com"]
[Source "ChessBase"]
[SourceQuality "1"]

1. d4 Nf6 2. c4 g6 3. Nc3 d5 4. cxd5 Nxd5 5. Bd2 Bg7 6. e4 Nxc3 7. Bxc3 O-O 8. Qd2 Nc6 9. d5 Ne5 10. f4 Ng4 11. Nf3 c6 12. h3 Bxc3 13. bxc3 Nf6 14. Bd3 cxd5 15. e5 Nd7 16. h4 Nc5 17. h5 Nxd3+ 18. Qxd3 Bf5 19. Qd4 Qb6 20. hxg6 hxg6 21. Qd2 Rac8 22. Nd4 Qc5 23. Rc1 Qc4 24. g4 Be4 25. Rh3 f6 26. Qh2 fxe5 27. Ne6 Rxf4 28. Nxf4 exf4 29. Rh8+ Kf7 30. Qxf4+ Ke6 31. Rxc8 Qxc8 32. c4 Qc5 33. cxd5+ Qxd5 34. Rd1 Qa5+ 35. Rd2 Bd5 36. Qe3+ Kd7 37. Qd4 e6 38. Qg7+ Kc6 39. Qxg6 Qb4 40. Qc2+ Kd6 41. Qg6 Qf4 42. Qd3 Qxg4 43. Qa3+ Kd7 44. Qa4+ Qxa4 45. Rxd5+ exd5 46. Kf2 Qxa2+ 47. Kg3 Qc4 48. Kh2 a5 49. Kh1 a4 50. Kh2 a3 51. Kg3 a2 52. Kf2 a1=Q 53. Ke3 Qac3+ 54. Kf2 Qa2+ 0-1

[Event "EOBCC 2020"]
[Site "Online"]
[Date "2020.12.18"]
[Round "9.123"]
[White "Dworakowska, Joanna"]
[Black "Parol, Pola"]
[Result "1-0"]
[WhiteElo "2322"]
[BlackElo "2069"]
[Annotator "NA"]
[PlyCount "85"]
[EventDate "2020.12.18"]
[EventType "tourn"]
[EventCountry "NET"]
[SourceTitle "playchess.com"]
[Source "ChessBase"]
[SourceQuality "1"]

1. e4 c5 2. Nf3 d6 3. d4 cxd4 4. Nxd4 Nf6 5. Nc3 a6 6. Be2 e5 7. Nb3 Be7 8. O-O O-O 9. Kh1 Nc6 10. Be3 b5 11. Bf3 b4 12. Nd5 Nxd5 13. Qxd5 Bb7 14. Qd2 a5 15. Nc1 Qc7 16. Ne2 Rfd8 17. Ng3 Bf8 18. Rfd1 Rac8 19. Rac1 a4 20. c4 bxc3 21. Rxc3 Qa5 22. Qc1 Nb4 23. Qb1 Rxc3 24. bxc3 Nxa2 25. Qxa2 Qxc3 26. Qxa4 Ra8 27. Qb5 Ba6 28. Qb6 Bd3 29. h4 Ra1 30. Rxa1 Qxa1+ 31. Kh2 Qa2 32. Qb8 g6 33. h5 Kg7 34. h6+ Kg8 35. Qd8 Qe6 36. Bg5 f5 37. exf5 gxf5 38. Bc6 f4 39. Ne4 Bxe4 40. Bxe4 Qg4 41. Bf3 Qf5 42. Bd5+ Kh8 43. Bf6+ 1-0

[Event "EOBCC 2020"]
[Site "Online"]
[Date "2020.12.18"]
[Round "9.124"]
[White "Silich, Yahor"]
[Black "Gevorgyan, Maria"]
[Result "0-1"]
[WhiteElo "2330"]
[BlackElo "2228"]
[Annotator "ChessBase"]
[PlyCount "172"]
[EventDate "2020.12.18"]
[EventType "tourn"]
[EventCountry "NET"]
[SourceTitle "playchess.com"]
[Source "ChessBase"]
[SourceQuality "1"]

1. e4 c5 2. Nf3 Nc6 3. Bb5 g6 4. O-O Bg7 5. c3 d6 6. d4 cxd4 7. cxd4 Bd7 8. Nc3 a6 9. Ba4 b5 10. Bc2 Nf6 11. h3 O-O 12. e5 dxe5 13. dxe5 Ne8 14. Bf4 Nc7 15. Bg3 Qc8 16. Qe2 Rd8 17. Rfd1 Ne6 18. Rac1 Qb7 19. Be4 Nc5 20. Bb1 Ne6 21. Nd5 Be8 22. Be4 Qa7 23. b4 Bh6 24. Rc3 Rac8 25. Qc2 Nxb4 26. Rxc8 Nxc2 27. Rxd8 Nxd8 28. Bxc2 Nc6 29. e6 fxe6 30. Nc7 Bf7 31. Be4 e5 32. Bxc6 Qxc7 33. Nxe5 Be6 34. Bf3 Qc2 35. Rd8+ Kg7 36. Ng4 Bxg4 37. Bxg4 Qc1+ 38. Kh2 Bf4 39. Rd7 Bxg3+ 40. Kxg3 Kf6 41. Ra7 Qa3+ 42. Kh2 Qd6+ 43. g3 h5 44. Bf3 Qb6 45. Rb7 Qxf2+ 46. Bg2 h4 47. gxh4 e5 48. Rc7 e4 49. Rc6+ Kf5 50. Rc8 Qxh4 51. Rf8+ Ke5 52. Re8+ Kd6 53. Rxe4 Qf6 54. Re2 Qf4+ 55. Kg1 a5 56. Rf2 Qe3 57. Kf1 b4 58. Re2 Qc1+ 59. Kf2 Qf4+ 60. Bf3 a4 61. Kg2 b3 62. axb3 axb3 63. Kf2 Qd4+ 64. Kg3 b2 65. Be4 Qxe4 66. Rxe4 b1=Q 67. Rg4 Ke5 68. Kh2 Kf5 69. Kg2 Qc2+ 70. Kg3 Qe2 71. Rf4+ Ke5 72. Rg4 Qe3+ 73. Kg2 g5 74. Rg3 Qe2+ 75. Kg1 Kf4 76. Rg2 Qd1+ 77. Kf2 Qf3+ 78. Kg1 Qxh3 79. Rf2+ Ke5 80. Re2+ Kf5 81. Rf2+ Kg6 82. Rg2 g4 83. Kf2 Qf3+ 84. Kg1 g3 85. Ra2 Qd1+ 86. Kg2 Qd5+ 0-1

[Event "EOBCC 2020"]
[Site "Online"]
[Date "2020.12.18"]
[Round "9.125"]
[White "Wolagiewicz, Kinga"]
[Black "Lukasiewicz, Krzysztof"]
[Result "0-1"]
[WhiteElo "1791"]
[BlackElo "2359"]
[Annotator "TA"]
[PlyCount "48"]
[EventDate "2020.12.18"]
[EventType "tourn"]
[EventCountry "NET"]
[SourceTitle "playchess.com"]
[Source "ChessBase"]
[SourceQuality "1"]

1. e4 c6 2. d4 d5 3. Nc3 dxe4 4. Nxe4 Bf5 5. Ng3 Bg6 6. Bc4 Nf6 7. N1e2 Nbd7 8. Nf4 Qc7 9. O-O e6 10. c3 Bd6 11. Qf3 O-O-O 12. a4 c5 13. dxc5 Bxc5 14. Bb3 Ne5 15. Qe2 Nd3 16. Nxg6 hxg6 17. Qf3 Ne5 18. Qe2 Neg4 19. h3 Qxg3 20. Bxe6+ fxe6 21. Qxe6+ Kb8 22. Bf4+ Qxf4 23. g3 Qxg3+ 24. Kh1 Qh2# 0-1